| 000 | 00997nam a2200241 i 4500 | ||
|---|---|---|---|
| 001 | 104389 | ||
| 003 | ES-MaACL | ||
| 005 | 20250916063046.0 | ||
| 007 | t| | ||
| 008 | 051129s1931 sp ||||1| spa d | ||
| 100 | 1 |
_aMiguel, Raimundo de, _d1816-1878 _9242261 |
|
| 245 | 1 | 0 |
_aNuevo diccionario latino español etimológico _b: seguido de un tratado de sinónimos y de un vocabulario español latino / _cpor D. Raimundo de Miguel y el Marqués de Morante. |
| 250 | _a20ª ed., corr. y aum. | ||
| 260 |
_aMadrid : _bSánchez Ocaña, _c1931. |
||
| 300 |
_aXXXVII, 997 p., 256 p. ; _c27 cm. |
||
| 597 | _aEjemp. falto de port. | ||
| 650 | 1 | 4 |
_aLengua latina- _vDiccionarios- _xEspañol. _914295 |
| 650 | 1 | 4 |
_aLengua española- _vDiccionarios- _xLatín. _914144 |
| 650 | 1 | 4 |
_aLengua latina- _xSinónimos y antónimos- _vDiccionarios. _914305 |
| 700 | 1 |
_aGómez de la Cortina, Joaquín _c, Marqués de Morante ( _d1805-1868) _957894 |
|
| 852 |
_aES-MaACL _jA-2182 |
||
| 999 |
_c104389 _d104389 |
||